Stock market capitalization and corporate governance in india / (Record no. 126669)

MARC details
000 -LEADER
fixed length control field 00822nam a22002417a 4500
005 - DATE AND TIME OF LATEST TRANSACTION
control field 20170124110013.0
010 ## - LIBRARY OF CONGRESS CONTROL NUMBER
LC control number B-228151
020 ## - INTERNATIONAL STANDARD BOOK NUMBER
Terms of availability 00.00
International Standard Book Number 139780195656426
020 ## - INTERNATIONAL STANDARD BOOK NUMBER
Terms of availability 00.00
International Standard Book Number 100195676424
035 ## - SYSTEM CONTROL NUMBER
System control number B-228151
037 ## - SOURCE OF ACQUISITION
Source of stock number/acquisition Cen Lib/Ret
040 ## - CATALOGING SOURCE
Original cataloging agency DPL
Language of cataloging EN
082 ## - DEWEY DECIMAL CLASSIFICATION NUMBER
Classification number 332.6
Item number LAL
100 ## - MAIN ENTRY--PERSONAL NAME
Personal name Lalita S.Som
9 (RLIN) 18134
245 ## - TITLE STATEMENT
Title Stock market capitalization and corporate governance in india /
Statement of responsibility, etc by Lalita S.Som
260 ## - PUBLICATION, DISTRIBUTION, ETC. (IMPRINT)
Place of publication, distribution, etc New Delhi
Name of publisher, distributor, etc Oxford University Press
Date of publication, distribution, etc 2006
270 ## - ADDRESS
City New Delhi
Postal code 110001
Address YMCA Library Building, Jai Singh Road
300 ## - PHYSICAL DESCRIPTION
Extent xxvii,247p.
Dimensions 20cm(Hb)
Other physical details ill.
500 ## - GENERAL NOTE
General note Includes bibliographical references and index
650 ## - SUBJECT ADDED ENTRY--TOPICAL TERM
Topical term or geographic name as entry element Corporate governance -- India.
9 (RLIN) 18135
650 ## - SUBJECT ADDED ENTRY--TOPICAL TERM
Topical term or geographic name as entry element Capital market -- India.
Geographic subdivision
9 (RLIN) 18136
942 ## - ADDED ENTRY ELEMENTS (KOHA)
Source of classification or shelving scheme Dewey Decimal Classification
Koha item type English Books
Classification part 332.6
Call number suffix LAL
Holdings
Withdrawn status Lost status Damaged status Not for loan Home library Current library Date acquired Source of acquisition Cost, normal purchase price Total Checkouts Full call number Barcode Date last seen Date checked out Copy number Cost, replacement price Price effective from Koha item type
        Central Library Central Library 26/06/2015 Cen Lib/Ret 0.00 5 332.6 LAL B-228151 14/01/2020 31/12/2019 1 0.00 26/06/2015 English Books

© Delhi Public Library
Hit Counter
free hit counter